000 00611nam a2200193Ia 4500
003 PILC
005 20160130100429.0
008 140321s9999 xx 000 0 und d
020 _a9789719983019
050 _aBF 121
_b.C822 2013
100 _aCorpuz, Ronald M.
245 _aGeneral psychology /
_cRonald M. Corpuz, Claudio G. Tabotabo and Rogelio G. Dela Cruz.
260 _aManila :
_bPurelybooks Trading & Pub. Corp.,
_c2013.
300 _a194 pages ;
_c26 cm.
500 _aIncludes bibliographical references.
650 _aPsychology
_xStudy and teaching.
942 _kLOC
_cBK
_2lcc
999 _c48337
_d48337